| Tag |
First Indicator |
Second Indicator |
Subfields |
| LEADER |
00000cam a2200000 a 4500 |
| 001 |
in00001406868 |
| 005 |
20151020072959.0 |
| 008 |
970516s1998 nju b 001 0 eng |
| 010 |
|
|
|a 97019756
|
| 020 |
|
|
|a 0691057710 (alk. paper)
|
| 035 |
|
|
|a (OCoLC)36954571
|
| 035 |
|
|
|9 AHQ3831AM
|
| 040 |
|
|
|a DLC
|c DLC
|d C#P
|d TXA
|d UtOrBLW
|
| 049 |
|
|
|a TXAM
|
| 050 |
0 |
0 |
|a JZ1306
|b .I58 1998
|
| 082 |
0 |
0 |
|a 172/.4
|2 21
|
| 245 |
0 |
0 |
|a International society :
|b diverse ethical perspectives /
|c edited by David R. Mapel and Terry Nardin.
|
| 264 |
|
1 |
|a Princeton, N.J. :
|b Princeton University Press,
|c [1998]
|
| 264 |
|
4 |
|c ©1998
|
| 300 |
|
|
|a x, 263 pages ;
|c 25 cm.
|
| 336 |
|
|
|a text
|b txt
|2 rdacontent
|
| 337 |
|
|
|a unmediated
|b n
|2 rdamedia
|
| 338 |
|
|
|a volume
|b nc
|2 rdacarrier
|
| 490 |
1 |
|
|a The Ethikon series in comparative ethics
|
| 504 |
|
|
|a Includes bibliographical references and index.
|
| 650 |
|
0 |
|a International relations
|x Moral and ethical aspects.
|
| 700 |
1 |
|
|a Mapel, David,
|d 1952-
|
| 700 |
1 |
|
|a Nardin, Terry,
|d 1942-
|
| 830 |
|
0 |
|a Ethikon series in comparative ethics.
|
| 948 |
|
|
|a c:en
|
| 999 |
|
|
|a MARS
|
| 999 |
f |
f |
|s 02db9b15-1085-338a-83c2-a021bb908775
|i ca776e2e-167b-333b-a649-5d7cc58c6bac
|t 0
|
| 952 |
f |
f |
|p ric
|a Texas A&M University
|b Rellis Campus
|c Joint Library Facility
|d Remote Storage
|t 0
|e JZ1306 .I58 1998
|h Library of Congress classification
|i unmediated -- volume
|m A14822482982
|
| 998 |
f |
f |
|a JZ1306 .I58 1998
|t 0
|l Remote Storage
|